Statistics for En Popüler 10 Pizza Malzemesi

Click here to take the quiz!

General Stats

  • This quiz has been taken 452 times
  • The average score is 6 of 10

Answer Stats

#Malzeme% Correct
4Peynir
88%
6Zeytin
88%
2Sosis
79%
3Mantar
77%
10Biber
75%
1Salam
66%
9Ananas
35%
8Jambon
17%
5Soğan
17%
7Pastırma
16%

Score Distribution

Percentile by Number Answered

Percent of People with Each Score

Your Score History

You have not taken this quiz